000 01034nam0a22003379 4500
001 RU\NLR\b_ik\68604
005 20250616224450.0
010 _a80-86427-00-5
035 _a(NLR Aleph) 002143029
090 _a2294625
_c2294625
100 _a19950127d2000 |||y0rusy50 ca
101 0 _acze
102 _aRU
105 _aa |||||||||
200 1 _aCo je permanentní revoluce?
_fLev Trockij [pseud.]
205 _a[Repr.]
210 _a[Praha]
_cHill
_d2000
215 _a176 c.
_d20
541 0 _aЧто такое постоянная революция?.
606 0 _aСоциалистическая революция
_2nlr-sh1
606 0 _aТроцкий, Лев Давыдович, 1879 - 1940
_2nlr-sh1
686 0 _aА711
_2rubbk
686 0 _aФ61(2)8
_2rubbk
700 1 _aTrockij
_bLev Davidovič
_f1879-1940
_4070
801 0 _aRU
_bNLR
_c19950127
_gPSBO
801 1 _aRU
_bNLR
_c20011026
852 _aNLR
_jИк 2000-3/557
942 _cBOOK
980 _aNB